| 000 | 00620nam a22001697a 4500 | ||
|---|---|---|---|
| 003 | OSt | ||
| 005 | 20171010095438.0 | ||
| 008 | 120531t xxu||||| |||| 00| 0 eng d | ||
| 040 |
_aMMSU _cULS |
||
| 100 |
_aLara, Renalyn C. _99816 |
||
| 245 |
_aEvaluation of wound healing potential of kalachuchi (Plumeria acuminata A.) flower oil extract on white mice (Mus musculus) _cRenalyn C. Lara |
||
| 260 | _c2007 | ||
| 300 |
_axvi, 55 leaves _c28 cm. |
||
| 500 | _aThesis (BS Biology) -- Mariano Marcos State University-College of Arts and Sciences, Batac City | ||
| 504 | _aBibliography: leaves 34 | ||
| 942 |
_2ddc _cTHEDIS |
||
| 999 |
_c9523 _d9523 |
||